[Event "23rd Abu Dhabi Masters"]
[Site "Abu Dhabi UAE"]
[Date "2016.08.24"]
[Round "5.47"]
[White "Estremera Panos, Sergio"]
[Black "Aditya, Mittal"]
[Result "1-0"]
[WhiteTitle "IM"]
[BlackTitle "CM"]
[WhiteElo "2360"]
[BlackElo "2140"]
[WhiteFideId "2200864"]
[BlackFideId "35042025"]
[EventDate "2016.08.21"]

1. c4 e5 2. d3 Nf6 3. a3 d5 4. cxd5 Nxd5 5. Nf3 Nc6 6. Nc3 Be6 7. Ng5 Nd4 8.
Nxe6 Nxe6 9. e3 Nb6 10. Be2 Be7 11. O-O O-O 12. b4 c6 13. Bb2 Nc7 14. Ne4 Nd7
15. Qb3 Nd5 16. g3 N5f6 17. Nd2 Bd6 18. Nc4 Bc7 19. Rfd1 Qe7 20. Bf3 Rab8 21.
Rac1 a6 22. a4 b5 23. axb5 cxb5 24. Na5 Bxa5 25. bxa5 b4 26. Rc6 Rb5 27. Rxa6
Rfb8 28. d4 e4 29. Be2 Rd5 30. Ra7 Qe6 31. Rc1 Qh3 32. Rcc7 Rf5 33. a6 Rf3 34.
Bf1 Qh6 35. h3 Rf8 36. Rxd7 Nxd7 37. Rxd7 Qf6 38. Qc2 b3 39. Qd2 Qe6 40. Rc7 Qd6
41. Rb7 h5 42. h4 g5 43. Qa5 Rxg3+ 44. fxg3 Qxg3+ 45. Bg2 gxh4 46. Qe5 Qxe3+ 47.
Kh2 f6 48. Qc7 Qh6 49. Bxe4 Qd2+ 50. Bg2 Qh6 51. Qg7+ Qxg7 52. Rxg7+ Kxg7 53. a7 1-0

[Event "23rd Abu Dhabi Masters"]
[Site "Abu Dhabi UAE"]
[Date "2016.08.24"]
[Round "5.48"]
[White "Mona, Khaled"]
[Black "Siva, Mahadevan"]
[Result "0-1"]
[WhiteTitle "WGM"]
[BlackTitle "IM"]
[WhiteElo "2175"]
[BlackElo "2352"]
[WhiteFideId "10605908"]
[BlackFideId "25043153"]
[EventDate "2016.08.21"]

1. d4 Nf6 2. c4 e6 3. Nf3 b6 4. e3 Bb7 5. Nc3 d5 6. Bd3 Bd6 7. O-O O-O 8. b3 a6
9. Bb2 Nbd7 10. Rc1 Qe7 11. Re1 Ne4 12. Ne2 Rad8 13. Qc2 f5 14. Ne5 Bxe5 15.
dxe5 Ndc5 16. Nf4 dxc4 17. Qxc4 Nd2 18. Qb4 Nf3+ 19. gxf3 Qg5+ 20. Kf1 Nxd3 21.
Nxd3 Bxf3 22. Nf4 Qh4 23. h3 g5 24. Qe7 Rde8 25. Qxc7 gxf4 26. Re2 Qxh3+ 27. Ke1
Qg4 28. Rec2 Qg1+ 29. Kd2 Qxf2+ 30. Kc3 Qxc2+ 31. Kxc2 Rc8 32. Rg1+ Bg4 33. Qxc8
Rxc8+ 34. Kd3 fxe3 35. Kxe3 Rc2 36. Bd4 b5 37. a3 Re2+ 38. Kd3 Re4 39. Bb2 h5
40. Rh1 h4 41. Bd4 h3 42. a4 Be2+ 43. Kd2 Rxd4+ 44. Kxe2 Rh4 45. axb5 axb5 46.
Rh2 f4 47. Kf2 Kg7 48. Kg1 Kg6 49. Rc2 h2+ 50. Kh1 Kf5 51. b4 f3 52. Rf2 Rh3 53.
Rc2 Rh4 54. Rc3 Rf4 55. Rc1 f2 56. Rf1 Kxe5 57. Kxh2 Ke4 0-1

[Event "23rd Abu Dhabi Masters"]
[Site "Abu Dhabi UAE"]
[Date "2016.08.24"]
[Round "5.49"]
[White "Dimarucut, Francis Erwin"]
[Black "Ramnath, Bhuvanesh R"]
[Result "1-0"]
[BlackTitle "IM"]
[WhiteElo "2172"]
[BlackElo "2307"]
[WhiteFideId "5209277"]
[BlackFideId "5026598"]
[EventDate "2016.08.21"]

1. c4 Nf6 2. Nc3 g6 3. g3 Bg7 4. Bg2 O-O 5. e4 d6 6. Nge2 e5 7. d3 Nc6 8. O-O
Nh5 9. Nd5 f5 10. exf5 Bxf5 11. Nec3 Nf6 12. Bg5 Qd7 13. Qd2 Nxd5 14. Nxd5 Rae8
15. Be3 Bg4 16. f3 Bf5 17. g4 Be6 18. Nb4 Nd4 19. Nc2 c5 20. Nxd4 cxd4 21. Bg5
Bf6 22. Bh6 Bg7 23. Bg5 Qc7 24. h3 Bd7 25. f4 h6 26. f5 hxg5 27. Bd5+ Kh8 28.
Qxg5 Qd8 29. f6 1-0

[Event "23rd Abu Dhabi Masters"]
[Site "Abu Dhabi UAE"]
[Date "2016.08.24"]
[Round "5.50"]
[White "Kunal, M."]
[Black "Likhit, Chilukuri"]
[Result "1-0"]
[WhiteElo "2302"]
[BlackElo "2133"]
[WhiteFideId "5018250"]
[BlackFideId "35005456"]
[EventDate "2016.08.21"]

1. e4 e6 2. d4 d5 3. Nd2 Nf6 4. e5 Nfd7 5. c3 c5 6. Bd3 Nc6 7. Ne2 cxd4 8. cxd4
f6 9. exf6 Qxf6 10. Nf3 h6 11. O-O Bd6 12. Nc3 O-O 13. Be3 Rd8 14. Rc1 Nf8 15.
Bb1 Bd7 16. h3 Be8 17. Nh2 Bg6 18. Ng4 Qh4 19. Bxg6 Nxg6 20. Qd3 Nge7 21. Ne2
Nf5 22. f4 Rac8 23. Bf2 Qe7 24. Ne5 Bxe5 25. dxe5 Qf7 26. g4 Nfe7 27. Bc5 g6 28.
b4 Kg7 29. b5 b6 30. Bf2 Na5 31. Bh4 Rxc1 32. Rxc1 Rc8 33. Bf6+ Kh7 34. Rxc8
Nxc8 35. Nd4 Nb7 36. Qc2 Nc5 37. Nb3 Nd6 38. Nxc5 bxc5 39. Qxc5 Ne4 40. Qc8 Nxf6
41. exf6 Qxf6 42. Qc7+ Kg8 43. Qb8+ Kh7 44. Qxa7+ Kg8 45. Qb8+ Kh7 46. Qc7+ Kg8
47. Qe5 Qe7 48. Kg2 Kf7 49. g5 hxg5 50. fxg5 1-0

[Event "23rd Abu Dhabi Masters"]
[Site "Abu Dhabi UAE"]
[Date "2016.08.24"]
[Round "5.51"]
[White "Muthaiah, AL"]
[Black "Sadhwani, Raunak"]
[Result "1-0"]
[BlackTitle "CM"]
[WhiteElo "2289"]
[BlackElo "2069"]
[WhiteFideId "5092442"]
[BlackFideId "35093487"]
[EventDate "2016.08.21"]

1. Nf3 c5 2. g3 b6 3. Bg2 Bb7 4. O-O g6 5. c4 Bg7 6. Nc3 d6 7. b3 Nf6 8. Bb2 O-O
9. d4 cxd4 10. Nxd4 Bxg2 11. Kxg2 Qd7 12. e4 Nc6 13. Re1 Nxd4 14. Qxd4 Rfe8 15.
Rac1 Rac8 16. f3 Red8 17. Red1 h5 18. Qf2 Nh7 19. Rd5 Rc5 20. Na4 Rxd5 21. exd5
Bxb2 22. Nxb2 Re8 23. Nd3 Nf6 24. Qd4 Qf5 25. Re1 Nd7 26. Nb4 e5 27. dxe6 Rxe6
28. Rxe6 Qxe6 29. Qd2 Nf6 30. Nc6 Qd7 31. Nb4 Qe6 32. Nd3 Qf5 33. Nf4 g5 34. Ne2
g4 35. Nd4 gxf3+ 36. Nxf3 d5 37. cxd5 Nxd5 38. a4 Qc2 39. Qxc2 Ne3+ 40. Kh3 Nxc2
41. Kh4 Kg7 42. Kxh5 Kf6 43. Kg4 Ne3+ 44. Kf4 Nd5+ 45. Ke4 Ne7 46. Nd4 Kg5 47.
Ke5 Nc8 48. Kd5 Kg4 49. Kc6 Kh3 50. Kb7 Nd6+ 51. Kxa7 Kxh2 52. Kxb6 Kxg3 53. a5
Kf4 54. a6 Ke5 55. Kc7 Kxd4 56. Kxd6 1-0

[Event "23rd Abu Dhabi Masters"]
[Site "Abu Dhabi UAE"]
[Date "2016.08.24"]
[Round "5.52"]
[White "Lakshmi, Narayanan M V"]
[Black "Pranavananda, V"]
[Result "1-0"]
[WhiteElo "2155"]
[BlackElo "2271"]
[WhiteFideId "5040647"]
[BlackFideId "5073588"]
[EventDate "2016.08.21"]

1. d4 b6 2. e4 Bb7 3. Nd2 e6 4. Ngf3 c5 5. c3 Nf6 6. Bd3 Nc6 7. a3 d5 8. e5 Nd7
9. O-O Be7 10. Re1 g5 11. h3 h5 12. b4 Qc7 13. Nf1 Rg8 14. Be3 c4 15. Bc2 O-O-O
16. Qd2 g4 17. hxg4 hxg4 18. N3h2 f5 19. exf6 Bd6 20. Bg5 g3 21. fxg3 Rdf8 22.
Rxe6 Nd8 23. Re7 Nf7 24. Bh4 Bxe7 25. fxe7 Re8 26. Ne3 Nd6 27. Nf5 Ne4 28. Bxe4
dxe4 29. Qh6 Kb8 30. Nd6 Qc6 31. b5 Qd5 32. Nxe8 Rxe8 33. Qg6 Qg8 34. Qd6+ Kc8
35. Rf1 Qd5 36. Qg6 Qg8 37. Qxg8 Rxg8 38. Ng4 Kc7 39. Ne3 Nb8 40. Rf8 1-0

[Event "23rd Abu Dhabi Masters"]
[Site "Abu Dhabi UAE"]
[Date "2016.08.24"]
[Round "5.53"]
[White "Derakhshani, Dorsa"]
[Black "Dargan, Paul A G"]
[Result "1/2-1/2"]
[WhiteTitle "WIM"]
[BlackTitle "CM"]
[WhiteElo "2405"]
[BlackElo "2159"]
[WhiteFideId "12500330"]
[BlackFideId "416762"]
[EventDate "2016.08.21"]

1. e4 d5 2. exd5 Nf6 3. Bb5+ Bd7 4. Bc4 Bg4 5. f3 Bf5 6. Nc3 Nbd7 7. Nge2 Nb6 8.
Bb3 Nbxd5 9. Nxd5 Nxd5 10. d4 e6 11. Ng3 Bg6 12. O-O Be7 13. c4 Nf6 14. Be3 O-O
15. f4 Ne4 16. Qf3 Nxg3 17. hxg3 b5 18. Rad1 Qb8 19. Rf2 bxc4 20. Bxc4 Qb4 21.
b3 1/2-1/2

[Event "23rd Abu Dhabi Masters"]
[Site "Abu Dhabi UAE"]
[Date "2016.08.24"]
[Round "5.54"]
[White "Kulkarni, Rakesh"]
[Black "Zayed, Ali Al-hamed"]
[Result "1-0"]
[WhiteElo "2316"]
[BlackElo "2002"]
[WhiteFideId "5037077"]
[BlackFideId "9303340"]
[EventDate "2016.08.21"]

1. e4 d5 2. exd5 Qxd5 3. Nf3 Bg4 4. Be2 Nc6 5. d4 O-O-O 6. c3 Nf6 7. O-O Qh5 8.
h3 e5 9. hxg4 Nxg4 10. Nh4 f5 11. Qd3 g6 12. Qh3 exd4 13. Nxf5 Qxh3 14. gxh3
gxf5 15. hxg4 d3 16. Bd1 Bd6 17. gxf5 Rdf8 18. Bb3 Nd8 19. Be3 Rxf5 20. Nd2 Kd7
21. Rae1 Rhf8 22. Kg2 R8f6 23. Rh1 h5 24. Bc4 1-0

[Event "23rd Abu Dhabi Masters"]
[Site "Abu Dhabi UAE"]
[Date "2016.08.24"]
[Round "5.55"]
[White "Manush, Shah"]
[Black "Geldiyeva, Mahri"]
[Result "1-0"]
[BlackTitle "WGM"]
[WhiteElo "2151"]
[BlackElo "2285"]
[WhiteFideId "5040680"]
[BlackFideId "14000059"]
[EventDate "2016.08.21"]

1. d4 d5 2. c4 dxc4 3. Nf3 Nf6 4. e3 e6 5. Bxc4 a6 6. a4 c5 7. O-O Nbd7 8. Qe2
Nb6 9. Bb3 Qc7 10. Bd2 Nbd7 11. Nc3 Bd6 12. Rac1 Qb8 13. h3 O-O 14. Rfd1 b6 15.
e4 cxd4 16. Nxd4 Bb7 17. Nf3 Rd8 18. Bc2 h6 19. Be3 Bf4 20. g3 Bc7 21. Bd4 Bc6
22. Ne1 e5 23. Be3 Qb7 24. f3 Nf8 25. Bb3 b5 26. axb5 axb5 27. Nd5 Bxd5 28. exd5
e4 29. f4 h5 30. Ng2 Ng6 31. Rc5 Rab8 32. Kh2 Ne7 33. Bd4 Bd6 34. Rcc1 Nexd5 35.
Bxd5 Nxd5 36. Qxh5 Bf8 37. Qf5 Nb4 38. Be5 Rbc8 39. Rc7 Rxc7 40. Rxd8 Rc1 41.
Bd6 1-0

[Event "23rd Abu Dhabi Masters"]
[Site "Abu Dhabi UAE"]
[Date "2016.08.24"]
[Round "5.56"]
[White "Ajay Krishna, S"]
[Black "Severina, Maria"]
[Result "1/2-1/2"]
[BlackTitle "WIM"]
[WhiteElo "2125"]
[BlackElo "2262"]
[WhiteFideId "5096430"]
[BlackFideId "4116909"]
[EventDate "2016.08.21"]

1. Nf3 Nf6 2. g3 b6 3. Bg2 Bb7 4. O-O g6 5. b4 Bg7 6. Bb2 O-O 7. a4 c5 8. bxc5
bxc5 9. Na3 d6 10. d3 Nbd7 11. e4 Rb8 12. Nd2 Nb6 13. Nb5 Qd7 14. Nc3 Bc6 15. a5
Na4 16. Nxa4 Bxa4 17. Nc4 Bb5 18. Ne3 Bc6 19. Bc3 Ng4 20. Bxg7 Nxe3 21. fxe3
Kxg7 22. Rb1 Qc7 23. Qd2 f6 24. d4 Rxb1 25. Rxb1 Rb8 26. Rxb8 Qxb8 27. dxc5 dxc5
28. e5 Qb1+ 29. Kf2 Qb7 30. exf6+ exf6 31. Bxc6 Qxc6 1/2-1/2

[Event "23rd Abu Dhabi Masters"]
[Site "Abu Dhabi UAE"]
[Date "2016.08.24"]
[Round "5.57"]
[White "Pujari, Rucha"]
[Black "Aradhya, Garg"]
[Result "0-1"]
[WhiteTitle "WFM"]
[WhiteElo "2137"]
[BlackElo "2262"]
[WhiteFideId "5024528"]
[BlackFideId "25006746"]
[EventDate "2016.08.21"]

1. d4 d5 2. c4 c6 3. cxd5 cxd5 4. Bf4 Nc6 5. e3 Nf6 6. Nc3 Bg4 7. Qb3 Na5 8.
Qa4+ Bd7 9. Bb5 e6 10. Nf3 a6 11. Bxd7+ Nxd7 12. Rc1 Rc8 13. O-O b5 14. Nxb5
axb5 15. Qxa5 Qxa5 16. Rxc8+ Ke7 17. Bc7 Qa6 18. Bd8+ Ke8 19. Rfc1 Bc5 20. dxc5
Qxc8 21. Ba5 O-O 22. Nd4 Qa6 23. b4 0-1

[Event "23rd Abu Dhabi Masters"]
[Site "Abu Dhabi UAE"]
[Date "2016.08.24"]
[Round "5.58"]
[White "Khouri, Ahmed Abbas"]
[Black "Calzetta Ruiz, Monica"]
[Result "1-0"]
[WhiteTitle "FM"]
[BlackTitle "WGM"]
[WhiteElo "2061"]
[BlackElo "2257"]
[WhiteFideId "9301518"]
[BlackFideId "2204185"]
[EventDate "2016.08.21"]

1. e4 e5 2. Nf3 Nc6 3. Bc4 Bc5 4. O-O Nf6 5. d3 O-O 6. c3 d6 7. a4 a6 8. Na3 Na5
9. b4 Nxc4 10. Nxc4 Ba7 11. Bg5 h6 12. Bh4 g5 13. Nxg5 hxg5 14. Bxg5 Kg7 15. Ne3
c6 16. Qf3 Rh8 17. Kh1 Kg6 18. h4 Rh5 19. g4 Rxg5 20. hxg5 Nh7 21. Nf5 Nxg5 22.
Qg3 Bxf5 23. exf5+ Kf6 24. Rae1 a5 25. d4 e4 26. Kg2 axb4 27. Rh1 bxc3 28. Qxc3
d5 29. Rh6+ Kg7 30. Reh1 f6 31. Qb4 b5 32. Rg6+ Kf7 33. Rhh6 Bb6 34. Rxf6+ Qxf6
35. Rxf6+ Kxf6 36. Qd6+ Kg7 37. Qg6+ Kf8 38. Qxc6 Rxa4 39. Qxb6 Nf3 40. Qd6+ Kg7
41. Qe7+ Kh6 42. Qf6+ Kh7 43. Qf7+ Kh8 44. f6 1-0

[Event "23rd Abu Dhabi Masters"]
[Site "Abu Dhabi UAE"]
[Date "2016.08.24"]
[Round "5.59"]
[White "Wafa, Shahenda"]
[Black "Ashwath, R."]
[Result "0-1"]
[WhiteTitle "WIM"]
[WhiteElo "2113"]
[BlackElo "2227"]
[WhiteFideId "10609962"]
[BlackFideId "5021049"]
[EventDate "2016.08.21"]

1. e4 c5 2. Nf3 Nc6 3. d4 cxd4 4. Nxd4 g6 5. c4 Nf6 6. Nc3 Nxd4 7. Qxd4 d6 8.
Be3 Bg7 9. f3 O-O 10. Qd2 a5 11. Be2 a4 12. O-O Qa5 13. Nb5 Qxd2 14. Bxd2 Bd7
15. Nc3 Nh5 16. Be3 a3 17. Bc1 Bd4+ 18. Kh1 Nf4 19. Re1 Rfc8 20. Bf1 b5 21. Rd1
Ne6 22. Rxd4 Nxd4 23. Nd5 bxc4 24. Nxe7+ Kf8 25. Nxc8 Rxc8 26. bxa3 c3 27. Bh6+
Ke7 28. Rc1 c2 29. Be3 Ne6 30. Kg1 Ba4 31. Kf2 Nc7 32. Ke1 Nb5 33. Bxb5 Bxb5 34.
Kd2 Ba4 35. Bd4 Ke6 36. f4 f5 37. e5 Kd5 38. Bc3 dxe5 39. fxe5 g5 40. Re1 Ke6
41. Bb4 Rc4 42. Bc3 Rc5 43. Bd4 Rd5 44. Kc3 Rb5 45. Kd2 Rb1 46. Rc1 Kd5 47. Bc3
f4 48. Ba5 g4 49. Bd8 Kxe5 50. Bg5 Kf5 51. Bh6 Rb6 52. Bf8 Rb8 53. Bb4 Rd8+ 54.
Ke2 Rd1 55. Bd2 Bb5+ 0-1

[Event "23rd Abu Dhabi Masters"]
[Site "Abu Dhabi UAE"]
[Date "2016.08.24"]
[Round "5.60"]
[White "Al-Zaabi, Sultan"]
[Black "Al Ghamdi, Ahmed M"]
[Result "1/2-1/2"]
[WhiteTitle "CM"]
[WhiteElo "1698"]
[BlackElo "2192"]
[WhiteFideId "9307583"]
[BlackFideId "21500150"]
[EventDate "2016.08.21"]

1. d4 d5 2. c4 c6 3. Nf3 Nf6 4. Qc2 g6 5. Bf4 Na6 6. a3 Bg7 7. g3 O-O 8. Bg2 c5
9. Be5 Bf5 10. Qa4 cxd4 11. Bxd4 Rc8 12. Nbd2 Bd7 13. Qb3 b6 14. O-O dxc4 15.
Nxc4 Be6 16. Rac1 Nc5 17. Qd1 Bh6 18. e3 Bd5 19. b4 Ne6 20. Nce5 Rxc1 21. Qxc1
Nxd4 22. Nxd4 Bxg2 23. Kxg2 Qd5+ 24. Nef3 Ng4 25. Kg1 e5 26. Qc6 Qa2 27. Qc2
Qxc2 28. Nxc2 Rc8 1/2-1/2

[Event "23rd Abu Dhabi Masters"]
[Site "Abu Dhabi UAE"]
[Date "2016.08.25"]
[Round "6.2"]
[White "Zubov, Alexander"]
[Black "Areshchenko, Alexander"]
[Result "1/2-1/2"]
[WhiteTitle "GM"]
[BlackTitle "GM"]
[WhiteElo "2606"]
[BlackElo "2665"]
[WhiteFideId "14109409"]
[BlackFideId "14109530"]
[EventDate "2016.08.21"]

1. c4 g6 2. Nc3 c5 3. g3 Bg7 4. Bg2 Nc6 5. e3 e6 6. Nge2 Nge7 7. d4 cxd4 8. exd4
d5 9. cxd5 Nxd5 10. Nxd5 exd5 11. Bf1 1/2-1/2

[Event "23rd Abu Dhabi Masters"]
[Site "Abu Dhabi UAE"]
[Date "2016.08.25"]
[Round "6.3"]
[White "Demchenko, Anton"]
[Black "Amin, Bassem"]
[Result "1/2-1/2"]
[WhiteTitle "GM"]
[BlackTitle "GM"]
[WhiteElo "2600"]
[BlackElo "2654"]
[WhiteFideId "4160258"]
[BlackFideId "10601457"]
[EventDate "2016.08.21"]

1. e4 e5 2. Nf3 Nc6 3. Bc4 Nf6 4. d3 h6 5. O-O d6 6. c3 g6 7. d4 Qe7 8. Re1 Bg7
9. Nbd2 O-O 10. h3 Kh8 11. Nf1 exd4 12. cxd4 Nxe4 13. d5 Nb4 14. Ng3 f5 15. Bd2
a5 16. a3 Na6 17. Qc1 Kh7 18. Bxa5 Nac5 19. Bb4 Qf6 20. Ra2 Nxg3 21. Bc3 Qf7 22.
Bxg7 Qxg7 23. fxg3 Bd7 24. b4 Ne4 25. Kh2 Rae8 1/2-1/2

[Event "23rd Abu Dhabi Masters"]
[Site "Abu Dhabi UAE"]
[Date "2016.08.25"]
[Round "6.4"]
[White "Lalith, Babu M R"]
[Black "Kuzubov, Yuriy"]
[Result "0-1"]
[WhiteTitle "GM"]
[BlackTitle "GM"]
[WhiteElo "2575"]
[BlackElo "2639"]
[WhiteFideId "5024595"]
[BlackFideId "14112906"]
[EventDate "2016.08.21"]

1. Nf3 d5 2. d4 Bf5 3. c4 e6 4. Nc3 Nf6 5. Bg5 c6 6. Qb3 Qb6 7. c5 Qc7 8. Bf4
Qc8 9. Nh4 Nbd7 10. Nxf5 exf5 11. Qc2 g6 12. e3 Nh5 13. Bg5 Ng7 14. Bh6 Ne6 15.
Bxf8 Kxf8 16. b4 Kg7 17. Bd3 f4 18. O-O Nf6 19. Qd1 Qc7 20. Qf3 Rae8 21. Ne2
fxe3 22. fxe3 Qe7 23. Kh1 Ng5 24. Qf4 Nh5 25. Qh4 Qxe3 26. Rad1 h6 27. Nc3 Ne6
28. Rf3 Qg5 29. Qf2 Rhf8 30. b5 f5 31. h3 f4 32. Bc2 Qf6 33. bxc6 bxc6 34. Kh2
Ng5 35. Rfd3 f3 36. g3 Qf5 0-1

[Event "23rd Abu Dhabi Masters"]
[Site "Abu Dhabi UAE"]
[Date "2016.08.25"]
[Round "6.6"]
[White "Dragun, Kamil"]
[Black "Sadzikowski, Daniel"]
[Result "1-0"]
[WhiteTitle "GM"]
[BlackTitle "IM"]
[WhiteElo "2609"]
[BlackElo "2551"]
[WhiteFideId "1134167"]
[BlackFideId "1132253"]
[EventDate "2016.08.21"]

1. e4 c5 2. Nf3 d6 3. d4 cxd4 4. Nxd4 Nf6 5. Nc3 a6 6. Be3 e5 7. Nf3 Qc7 8. a4
Be7 9. Be2 Nbd7 10. a5 O-O 11. O-O Nc5 12. Nd5 Nxd5 13. exd5 f5 14. c4 e4 15.
Nd2 Nd7 16. f4 exf3 17. Nxf3 f4 18. Bd4 Bf6 19. b4 b6 20. axb6 Bxd4+ 21. Qxd4
Qxb6 22. Qxb6 Nxb6 23. c5 Nd7 24. c6 Nb6 25. Ra5 Re8 26. Bd3 Re3 27. Rd1 h6 28.
Bf1 Rb3 29. Rd4 g5 30. Nd2 Rb2 31. Ne4 1-0

[Event "23rd Abu Dhabi Masters"]
[Site "Abu Dhabi UAE"]
[Date "2016.08.25"]
[Round "6.8"]
[White "Fedoseev, Vladimir3"]
[Black "Ziska, Helgi Dam"]
[Result "1-0"]
[WhiteTitle "GM"]
[BlackTitle "IM"]
[WhiteElo "2670"]
[BlackElo "2546"]
[WhiteFideId "24130737"]
[BlackFideId "7200595"]
[EventDate "2016.08.21"]

1. Nf3 Nf6 2. g3 g6 3. Bg2 Bg7 4. O-O O-O 5. d4 d6 6. Nc3 Nbd7 7. a4 c6 8. a5
Qc7 9. h3 e5 10. e4 Rb8 11. d5 b5 12. axb6 axb6 13. dxc6 Qxc6 14. Ne1 Nc5 15.
Bg5 Be6 16. Qf3 Nfd7 17. Rd1 Rfe8 18. Nd5 Bxd5 19. Rxd5 Ne6 20. Be3 b5 21. Qd1
Bf8 22. f4 Nec5 23. b4 Na4 24. Qf3 Nab6 25. Rd1 Nc4 26. Bc1 exf4 27. gxf4 Nf6
28. Rd4 d5 29. e5 Ne4 30. c3 Nb6 31. f5 Qxc3 32. fxg6 fxg6 33. Be3 Bg7 34. Qf7+
Kh8 35. Rd3 Qc6 36. Nf3 Nc4 37. Bd4 Rf8 38. Qe7 Rbe8 39. Qa7 Ra8 40. Qe7 Rae8
41. Qa7 Ra8 42. Qe7 Ng3 43. Re1 Nf5 44. Qc5 Qb7 45. Bf2 Rfd8 46. Ng5 Rac8 47.
Rxd5 Rxd5 48. Qxd5 Qxd5 49. Bxd5 Bf8 50. Be6 Rb8 51. Bc5 Bxc5+ 52. bxc5 Ne7 53.
Bd7 Na5 54. Rf1 Nec6 55. Rf7 h6 56. Rh7+ Kg8 57. Be6+ Kf8 58. Rf7+ Ke8 59. Bd7+ 1-0

[Event "23rd Abu Dhabi Masters"]
[Site "Abu Dhabi UAE"]
[Date "2016.08.25"]
[Round "6.9"]
[White "Gupta, Abhijeet"]
[Black "Vishnu Prasanna, V"]
[Result "1/2-1/2"]
[WhiteTitle "GM"]
[BlackTitle "GM"]
[WhiteElo "2637"]
[BlackElo "2512"]
[WhiteFideId "5010608"]
[BlackFideId "5030692"]
[EventDate "2016.08.21"]

1. d4 d5 2. c4 c6 3. Nc3 Nf6 4. Nf3 e6 5. Bg5 dxc4 6. e4 b5 7. e5 h6 8. Bh4 g5
9. Nxg5 hxg5 10. Bxg5 Nbd7 11. exf6 Bb7 12. g3 Qb6 13. Bg2 O-O-O 14. O-O c5 15.
d5 b4 16. Rb1 Qa6 17. dxe6 Bxg2 18. e7 Bxf1 19. Qd5 Bxe7 20. fxe7 Bd3 21.
exd8=Q+ Rxd8 22. Ne4 Bxb1 23. Nd6+ Kc7 24. Bf4 Kb6 25. Nxc4+ Kb5 26. Nd6+ Kb6
27. Nc4+ Kb5 28. Nd6+ Kb6 29. Nc4+ 1/2-1/2

[Event "23rd Abu Dhabi Masters"]
[Site "Abu Dhabi UAE"]
[Date "2016.08.25"]
[Round "6.10"]
[White "Andriasian, Zaven"]
[Black "Swapnil, S. Dhopade"]
[Result "1/2-1/2"]
[WhiteTitle "GM"]
[BlackTitle "GM"]
[WhiteElo "2621"]
[BlackElo "2500"]
[WhiteFideId "13302000"]
[BlackFideId "5019184"]
[EventDate "2016.08.21"]

1. e4 c6 2. d4 d5 3. e5 Bf5 4. h4 h5 5. c4 e6 6. Nc3 Ne7 7. Nge2 Nd7 8. Ng3 Bg6
9. Be3 dxc4 10. Bxc4 Nf5 11. Nxf5 Bxf5 12. Rc1 Be7 13. g3 Nb6 14. Bb3 Qd7 15.
O-O Nd5 16. Nxd5 exd5 17. Qd2 O-O 18. Bd1 g6 19. Re1 f6 20. Bh6 Rf7 21. Bf3 fxe5
22. dxe5 Qe6 23. b4 a6 24. a4 Bg4 25. Bg2 1/2-1/2

[Event "23rd Abu Dhabi Masters"]
[Site "Abu Dhabi UAE"]
[Date "2016.08.25"]
[Round "6.11"]
[White "Oparin, Grigoriy"]
[Black "Aryan, Chopra"]
[Result "1/2-1/2"]
[WhiteTitle "GM"]
[BlackTitle "IM"]
[WhiteElo "2617"]
[BlackElo "2485"]
[WhiteFideId "24125890"]
[BlackFideId "5084423"]
[EventDate "2016.08.21"]

1. Nf3 d5 2. g3 c6 3. Bg2 Bg4 4. c4 e6 5. cxd5 Bxf3 6. Bxf3 cxd5 7. O-O Nc6 8.
d4 Nf6 9. Nc3 Bb4 10. Qd3 Rc8 11. Bd2 O-O 12. e3 Nd7 13. Rfc1 Nb6 14. Be1 f5 15.
Bg2 Qd7 16. Rab1 a6 17. f3 Be7 18. Bf2 Bf6 19. Ne2 Ne7 20. b3 Rxc1+ 21. Rxc1 Rc8
22. Qd2 Rxc1+ 23. Nxc1 Qc6 24. Nd3 Nd7 25. h3 Kf7 26. g4 g6 27. Bg3 Bg5 28. Kf2
Qb6 29. Qc3 Nc6 30. b4 Bf6 31. Ke2 Qb5 32. Bf1 Be7 33. a3 a5 34. bxa5 Qxa5 35.
Qxa5 Nxa5 36. a4 Nb6 37. Bc7 Nac4 38. Bxb6 1/2-1/2

[Event "23rd Abu Dhabi Masters"]
[Site "Abu Dhabi UAE"]
[Date "2016.08.25"]
[Round "6.12"]
[White "Azarov, Sergei"]
[Black "Salem, A.R. Saleh"]
[Result "0-1"]
[WhiteTitle "GM"]
[BlackTitle "GM"]
[WhiteElo "2581"]
[BlackElo "2617"]
[WhiteFideId "13501470"]
[BlackFideId "9301348"]
[EventDate "2016.08.21"]

1. e4 c5 2. Nf3 d6 3. d4 cxd4 4. Nxd4 Nf6 5. Nc3 a6 6. Bg5 e6 7. f4 h6 8. Bh4
Qb6 9. a3 Be7 10. Bf2 Qc7 11. Qf3 Nbd7 12. O-O-O b5 13. g4 g5 14. Bg2 Rb8 15. e5
dxe5 16. fxe5 Nxe5 17. Qe2 Ng6 18. Bg3 Nf4 19. Bxf4 Qxf4+ 20. Kb1 Bd7 21. Bc6
Rd8 22. Rhf1 Qxg4 23. Qe5 O-O 24. Rg1 Qh5 25. Bxd7 Nxd7 26. Qc7 Bc5 27. Ne4 Bb6
28. Qc3 Qg6 29. Rge1 Nf6 30. Ng3 Bxd4 31. Rxd4 Rxd4 32. Qxd4 Rc8 33. Re2 Nd5 34.
Rf2 a5 35. Qe5 b4 36. axb4 axb4 37. Ne4 Rc4 38. Qb8+ Kg7 39. Nd6 Rf4 40. Re2 Kh7
41. Qb7 g4 42. Qb5 h5 43. Ka2 Rf3 44. Qc5 b3+ 45. cxb3 Qd3 0-1

[Event "23rd Abu Dhabi Masters"]
[Site "Abu Dhabi UAE"]
[Date "2016.08.25"]
[Round "6.13"]
[White "Sengupta, Deep"]
[Black "Ter-Sahakyan, Samvel"]
[Result "1-0"]
[WhiteTitle "GM"]
[BlackTitle "GM"]
[WhiteElo "2571"]
[BlackElo "2613"]
[WhiteFideId "5008352"]
[BlackFideId "13302531"]
[EventDate "2016.08.21"]

1. e4 c5 2. Nf3 d6 3. d4 cxd4 4. Nxd4 Nf6 5. Nc3 a6 6. Be3 e5 7. Nb3 Be6 8. f3
h5 9. Qd2 Nbd7 10. Nd5 Bxd5 11. exd5 a5 12. a4 g6 13. Bb5 Bg7 14. h3 O-O 15. O-O
Qc7 16. Rac1 Rfc8 17. Rfd1 Qd8 18. Qf2 Rab8 19. c3 b6 20. Rc2 Rc7 21. Nc1 Nh7
22. Ne2 Bf6 23. f4 Bh4 24. g3 Bf6 25. fxe5 Bxe5 26. Nd4 Ng5 27. Qg2 Bxd4 28.
Bxd4 Ne5 29. Bxe5 dxe5 30. h4 Nh7 31. d6 Nf6 32. dxc7 Qxd1+ 33. Kh2 Rf8 34. Rd2
Qe1 35. Qe2 Ng4+ 36. Kg2 Qc1 37. Bd7 1-0